| 000 | 00000nam 2200000za 4500 |
| 001 | 9.634849 |
| 003 | CaOODSP |
| 005 | 20210624215956 |
| 007 | cr ||||||||||| |
| 008 | 150407s2007 onc|||||o f|0| 0 fre d |
| 020 | |a978-0-662-07756-5 |
| 040 | |aCaOODSP|bfre |
| 043 | |an-cn--- |
| 086 | 1 |aH164-34/2007F-PDF |
| 110 | 1 |aCanada. |bDirection générale des produits de santé et des aliments. |
| 245 | 10|aCompendium des monographies |h[ressource électronique] / |
| 250 | |aVersion 2.1 (novembre 2007). |
| 260 | |aOttawa : |bSanté Canada, |cc2007. |
| 500 | |aLe n° de catalogue (H164-34/2006F-PDF) et l'ISBN (0-662-72710-X) imprimés dans cette publications sont incorrects. |
| 590 | |a11-29-Supp|b2011-11-25 |
| 775 | 08|tCompendium of monographs |w(CaOODSP)9.690489 |
| 795 | |tCompendium des monographies |w(CaOODSP)9.633329 |
| 856 | 40|ahttp://publications.gc.ca|qPDF|s263 Ko|uhttps://publications.gc.ca/collections/collection_2011/sc-hc/H164-34-2007-fra.pdf |